Test your vocabulary. Book 5 Kiểm tra vốn từ tiếng Anh của bạn

Đã lưu trong:
书目详细资料
主要作者: Watcyn-Jones, Peter
其他作者: Nguyễn Trung Tánh (Dịch và chú giải), Nguyễn Trí Lợi (Dịch và chú giải), Phạm Tấn Quyền (Dịch và chú giải)
格式: 图书
语言:Vietnamese
出版: TP.HCM Nxb. Tp.HCM 1997
主题:
标签: 添加标签
没有标签, 成为第一个标记此记录!
Thư viện lưu trữ: Mạng thư viện Đại học Đà Nẵng
LEADER 01279nam a2200337 4500
001 000024971
003 21462
005 20170418100420.0
008 170410s1997 viesd
041 0 |a vie 
082 1 4 |a 428.1  |b WA-P 
100 1 |a Watcyn-Jones, Peter 
245 1 0 |a Test your vocabulary. Book 5  |b Kiểm tra vốn từ tiếng Anh của bạn  |c Peter Watcyn-Jones ; Nguyễn Trung Tánh, Nguyễn Trí Lợi, Phạm Tấn Quyền dịch và chú giải 
260 |a TP.HCM  |b Nxb. Tp.HCM  |c 1997 
300 |a 124 tr.  |c 21 cm. 
650 0 4 |a English language  |v Test  |x Vocabulary 
653 |a Tiếng Anh 
653 |a English language 
700 1 |a Nguyễn Trung Tánh  |e Dịch và chú giải 
700 1 |a Nguyễn Trí Lợi  |e Dịch và chú giải 
700 1 |a Phạm Tấn Quyền  |e Dịch và chú giải 
OWN |a LSP 
AVA |a UDN50  |b LSP  |d 428.1 WA-P  |e available  |t Error 5001 Not defined in file expand_doc_bib_avail.  |f 2  |g 1  |h N  |i 0  |k 1 
999 |a From the UDN01 
AVA |a UDN50  |b LSP  |d 428.1 WA-P  |e available  |t Error 5001 Not defined in file expand_doc_bib_avail.  |f 2  |g 1  |h N  |i 0  |k 1 
TYP |a Monograph 
TYP |a Printed language 
980 |a Mạng thư viện Đại học Đà Nẵng